000 00830nam a2200253Ia 4500
003 OSt
005 20220923214241.0
006 a|||||r|||| 00| 0
007 ta
008 220922b |||||||| |||| 00| 0 hin d
024 _a168,188
037 _cTextual
040 _aARTS
_cARTS
_bhin
041 _2hin
_ahin
082 _aO152,1I80x, K0
100 _aशुक्ल, रामचंद्र, संपा.
245 0 _aजायसी ग्रंथवली
246 _aJāyasī granthavalī
260 _c1960
490 _aनागरी प्रचारिणी ग्रंथमाला; 31
650 _aहिन्दी साहित्य
_9156264
942 _hO152,1I80x, K0
_cTEXL
_2CC
999 _c322658
_d322658